KOHA-Header-6

Category Management In Purchasing (Record no. 9868)

000 -LEADER
fixed length control field 00271nam a2200109Ia 4500
100 ## - MAIN ENTRY--AUTHOR NAME
Personal name Jonathan Obrien
245 #0 - TITLE STATEMENT
Title Category Management In Purchasing
260 ## - PUBLICATION, DISTRIBUTION, ETC. (IMPRINT)
Place of publication India
Name of publisher Person Hall
Year of publication 2005
300 ## - PHYSICAL DESCRIPTION
Number of Pages 938
942 ## - ADDED ENTRY ELEMENTS (KOHA)
Koha item type Books
Holdings
Withdrawn status Lost status Collection code Permanent Location Current Location Shelving location Date acquired Full call number Accession Number Koha item type
    Management MAJU MAJU   2019-09-14 302.25 5878 Management

Powered by Koha